21st Century Genocides - Statistics

General Stats
  • This quiz has been taken 153 times
  • The average score is 5 of 7
Answer Stats
Date Death Toll Genocide % Correct
2023-Present 54,600-335,500 Gaza Genocide
98%
2003-2005 98,000-500,000 Darfur Genocide
67%
2014-Present 13,341-50,000 Ukrainian Genocide
64%
2016-Present Unknown Uyghur Genocide
61%
2014-2017 2,100-5,000 Yazidi Genocide
61%
2016-Present 9,000-43,000 Rohingya Genocide
58%
2002-2003 60,000-70,000 Effacer le tableau
49%
No matching quizzes found
Score Distribution
Percent of People with Each Score
Percentile by Number Answered
Your Score History
You have not taken this quiz